La Iglesia de Jesucristo (Record no. 184635)

MARC details
000 -LEADER
campo de control de longitud fija 00662nam a2200193 i 4500
001 - NÚMERO DE CONTROL
campo de control 184635
003 - IDENTIFICADOR DE NÚMERO DE CONTROL
campo de control ES-MaACL
005 - FECHA Y HORA DE LA ÚLTIMA TRANSACCIÓN
campo de control 20250831072604.0
008 - DATOS DE LONGITUD FIJA--INFORMACIÓN GENERAL
campo de control de longitud fija 151029s1935 sp |||| | spa d
100 1# - ENTRADA PRINCIPAL--NOMBRE DE PERSONA
Nombre de persona Madoz, José.
9 (RLIN) 143958
245 13 - MENCIÓN DEL TÍTULO
Título La Iglesia de Jesucristo
Resto del título : fuentes y documentos para el estudio de su constitución e historia /
Mención de responsabilidad, etc. por José Madoz.
260 ## - PUBLICACIÓN, DISTRIBUCIÓN, ETC.
Lugar de publicación, distribución, etc. Madrid :
Nombre del editor, distribuidor, etc. Dédalo,
Fecha de publicación, distribución, etc. 1935.
300 ## - DESCRIPCIÓN FÍSICA
Extensión 281 p. ;
Dimensiones 17 cm.
490 1# - MENCIÓN DE SERIE
Mención de serie Colección de Enquiridions ;
Designación de volumen o secuencia 2
650 #7 - PUNTO DE ACCESO ADICIONAL DE MATERIA--TÉRMINO DE MATERIA
Término de materia o nombre geográfico como elemento de entrada Historia eclesiástica
Fuente del encabezamiento o término embne
9 (RLIN) 13400
830 0# - PUNTO DE ACCESO ADICIONAL DE SERIE-TÍTULO UNIFORME
Título uniforme Colección de Enquiridions ;
Designación de volumen o secuencia 2
9 (RLIN) 192215
852 ## - LOCALIZACIÓN
Ubicación ES-MaACL
Número de control de estantería E-3852
Holdings
Estatus retirado Estado de pérdida Estado de daño No para préstamo Biblioteca de origen Biblioteca actual Ubicación en estantería Fecha de adquisición Fuente de adquisición Total de préstamos Signatura topográfica completa Código de barras Visto por última vez Precio de reemplazo Tipo de ítem Koha
        Biblioteca del Ateneo de Madrid Biblioteca del Ateneo de Madrid Depósito 2 29/10/2015     E-3852 1194391 23/02/2023 23/02/2023 Libro impreso